000 00295nam a2200133Ia 4500
005 20251222141855.0
008 251222s9999||||xx |||||||||||||| ||spa||
020 _a3-8228-2269-8
082 _a791.437.5/D96
100 _aDuncan, Paul
245 0 _aCine Negro
264 _bTaschen
942 _cLIB
999 _c7861
_d7861